Almacantar Centre Point Nominee No.1 Ltd v De Valk (Record no. 122217)
[ view plain ]
| 000 -LEADER | |
|---|---|
| fixed length control field | 01043naa a22002417a 4500 |
| 005 - DATE AND TIME OF LATEST TRANSACTION | |
| control field | 20251017151431.0 |
| 007 - PHYSICAL DESCRIPTION FIXED FIELD--GENERAL INFORMATION | |
| fixed length control field | ta |
| 008 - FIXED-LENGTH DATA ELEMENTS--GENERAL INFORMATION | |
| fixed length control field | 251017e20240124xxk||||os||||o00| 0 eng d |
| 041 ## - LANGUAGE CODE | |
| Language code of text/sound track or separate title | eng |
| 245 ## - TITLE STATEMENT | |
| Title | Almacantar Centre Point Nominee No.1 Ltd v De Valk |
| 260 ## - PUBLICATION INFORMATION | |
| Place of publication | [2025] UKUT 298 (LC) |
| Publisher | Upper Tribunal (Lands Chamber) |
| Date | 16 September 2025 |
| 520 ## - ABSTRACT | |
| Abstract | Judge Siobhan McGrath and Mrs D Martin TD MRICS FAAV clarified the meaning of "cladding" and "cladding remediation"; explored what would constitute an unsafe cladding system under the Building Safety Act 2022; and determined that there was no limitation period applicable to cladding remediation.<br/> |
| 650 ## - KEYWORDS | |
| Keywords | BUILDING SAFETY ACT 2022 |
| 650 ## - KEYWORDS | |
| Keywords | CLADDING |
| 650 ## - KEYWORDS | |
| Keywords | FIRE SAFETY |
| 650 ## - KEYWORDS | |
| Keywords | JUDGMENT |
| 650 ## - KEYWORDS | |
| Keywords | LANDLORD AND TENANT ACT 1985 |
| 650 ## - KEYWORDS | |
| Keywords | LIMITATION PERIODS |
| 650 ## - KEYWORDS | |
| Keywords | REMEDIATION |
| 650 ## - KEYWORDS | |
| Keywords | REMEDIATION ORDERS |
| 651 ## - SUBJECT ADDED ENTRY--GEOGRAPHIC NAME | |
| Geographic name | United Kingdom |
| 856 ## - ONLINE RESOURCE | |
| Uniform Resource Identifier | https://caselaw.nationalarchives.gov.uk/ukut/lc/2025/298 |
| Public note | Available from caselaw archives |
| Withdrawn status | Lost status | Source of classification or shelving scheme | Damaged status | Koha normalized classification for sorting | Not for loan | Home library | Current library | Shelving location | Date acquired | Total Checkouts | Full call number | Date last seen | Price effective from | Koha item type |
|---|---|---|---|---|---|---|---|---|---|---|---|---|---|---|
| Dewey Decimal Classification | ONLINE_JUDGMENT | Virtual | Virtual | Online | 17/10/2025 | ONLINE JUDGMENT | 17/10/2025 | 17/10/2025 | Law report |